000 00345nam a2200133Ia 4500
005 20260328104341.0
008 260328s9999||||xx |||||||||||||| ||und||
100 _aClemente, Maria Claudia
245 4 _aTHE Architecture of Public Space /
_cMaria Claudia Clemente
260 _bPark Books
300 _a468 p.
650 _aITALIA
942 _cBK
999 _c12099
_d12099